Superman: Family - Statistics

General Stats
  • This quiz has been taken 58 times
  • The average score is 17 of 28
Answer Stats
Hint Answer % Correct
Man of Steel Superman/Clark Kent/Kal-El
100%
Son of Superman Superman/Superboy/Jon Kent
98%
Superman's Wife Lois Lane
96%
Superman's Biological Dad Jor-El
92%
Superman's Adopted Mom Martha Kent
92%
Superman's Cousin Supergirl
90%
Superman's Adopted Dad Jonathan Kent
84%
Superman's Dog Krypto the Superdog
84%
Failed Clone of Superman Bizarro
82%
Superman's Pal Jimmy Olsen
82%
Clone of Superman and Lex Luthor Superboy/Conner Kent
80%
Superman's Father-in-Law General Sam Lane
66%
Superman's Biological Mom Lara Lor-Van
66%
Superman's Ex-Girlfriend Lana Lang/Superwoman
62%
Superman of China Super-Man/Kong Kenan
62%
Father of Above Zor-El
54%
Superman's Sister-in-Law Lucy Lane
52%
Superman's Childhood Best Friend Pete Ross
40%
Metallic Successor to Superman Steel/John Henry Irons
40%
Niece of Above Steel/Natasha Irons
40%
Superman's Cat Streaky the Supercat
38%
Superman's Cousin from Another Universe Powergirl
34%
Supergirl's Horse Comet the Superhorse
30%
Superman's Monkey Beppo the Supermonkey
26%
Superman's "Brother" Mon-El/Lar Gand/Valor
26%
Superman's Kryptonian Robot Kelex
18%
Superman's Adopted Daughter from Warworld Otho-Ra/Starchild
14%
Superman's Adopted Son from Warworld Osul-Ra/Red Son
12%
No matching quizzes found
Score Distribution
Percent of People with Each Score
Percentile by Number Answered
Your Score History
You have not taken this quiz